It looks like you're offline.
Open Library logo
additional options menu

MARC record from Internet Archive

LEADER: 00531nama 2200169 4500
005 1236
008 030311
020 $a0-02334230-7
035 $a(Sirsi) a811497
060 $aWP 580 M548 1988
245 10 $aThe Menopause:$bcomprehensive management / ed. by Bernard A. Eskin.
250 $a2nd ed.
260 $aNew York, N.Y.:$bMacmillan,$cc1988.
300 $axiii, 350 p.
650 $aMenopause.
596 $a2
999 $aWP580 M548 1988$wLC$c1$i811497-1001$lINPROCESS$mNEORCC$rY$sY$tBOOKS$u29/8/2007